00426 2200169 4500245003200000020001800032250001100050100001000061650001600071005001900087260002800106041001400134084000800148300001500156500007600171336000900247 aJust For GirlscSannyhText a979-732-820-1 aCet. 2 aSanny aNovel Fiksi a20231005133752 aJakartabGrasindoc2004 aIndonesia a813 a144 hlm. : aBrinn, jess, monic dan caca adalah empat sahabat yang bener-bener klop  atext